LIBRARY & INFORMATION CENTRE, KCAET, TAVANUR

ONLINE PUBLIC ACCESS CATALOGUE (OPAC)

Scarlet and black / (Record no. 11977)

MARC details
000 -LEADER
fixed length control field 00376cam a2200157ua 4500
041 ## - LANGUAGE CODE
Language code of text/sound track or separate title eng
082 ## - DEWEY DECIMAL CLASSIFICATION NUMBER
Classification number 823.308
Item number STE/SC
100 ## - MAIN ENTRY--AUTHOR NAME
Personal name Stendhal, .
245 ## - TITLE STATEMENT
Title Scarlet and black /
260 ## - PUBLICATION, DISTRIBUTION, ETC. (IMPRINT)
Place of publication London :
Name of publisher J M Dent and Sons Ltd ,
Year of publication 1962.
300 ## - PHYSICAL DESCRIPTION
Number of Pages 295 ; .
650 ## - SUBJECT ADDED ENTRY--TOPICAL TERM
Topical Term 823.308
942 ## - ADDED ENTRY ELEMENTS (KOHA)
Koha item type Books
Holdings
Withdrawn status Lost status Damaged status Home library Current library Date acquired Full call number Accession Number Koha item type
Withdrawn     KAUAET Sanskrit University 07/04/2012 823.308 4342 Books
free website counter